000 00584nam a22002297a 4500
001 48609
003 UA-OsUOA
005 20210427203225.0
007 ta
008 20070908b un ||||| |||| 00| 0 ukr d
040 _aUA-OsUOA
_brus
_cUA-OsUOA
_dUA-OsUOA
041 _arus
080 _a821.161.1
090 _a821.161.1
_bК21
100 _aКарбабаев Б.
245 _aРешающий шаг
_bроман
260 _aМ.
_c1949
300 _a573 с.
650 7 _a82 Література. Літературознавство
_2UDC
942 _cBK
_2udc
955 _a3
999 _c334715
_d334715